Leader xxxxxxxxxx
001 __ PCLIS00055784
005 __ 20220309131310.0
010 0_ |a978-986-499-047-4|b上冊 : 精裝|dNT$300
010 0_ |a978-986-499-048-1|b下冊 : 精裝|dNT$300
042 __ |anbim
100 __ |a20180719d2018 d y0chiy09 e
101 0_ |achi
102 __ |atw
105 __ |aa z 000fy
200 1_ |a大鬧天宮|f安東旭等編寫|g吳承恩原著 ; 胡志明等繪
205 __ |a初版
210 __ |a臺北市|c龍少年出版|c龍圖騰文化發行|a新北市汐止區|c聯寶國際文化總經銷|d2019.04[民108]
211 __ |a1807
215 0_ |a2冊|c彩圖|d24公分
225 2_ |a繪本西遊記|v4-5
225 1_ |a繪本館|vNCP011-NCP012
333 __ |a適讀年齡: 9歲以上
410 _1 |12001 |a繪本西遊記|v4-5
500 10 |a西遊記
606 __ |2cst|a繪本
681 __ |a857.47|b8376
700 _1 |a安|b東旭|4編寫
702 _1 |a胡|b志明|4繪
702 _1 |s明|a吳|b承恩|f1510-1582|4原著
801 _0 |atw|bISBN
801 _1 |atw|b內湖高中|c20220128|gCCR
801 _2 |atw|b內湖高中|c20220128|gCCR
|